Southville International School and Colleges
Your cart is empty.
  • Cart
  • Lists
    Public lists Eva Luna New books Lux_list list_1
    Your lists Log in to create your own lists
  • Log in to your account
  • Your cookies
  • Search history
Southville International School and Colleges
  • Advanced search
  • Recent comments
  • Most popular
  • Libraries

Log in to your account

Log in with GOOGLE


If you do not have an external account, but do have a local account, you can still log in:

  1. Home
  2. MARC view: Modern health /
Normal view MARC view ISBD view

Modern health / (Record no. 10169)

[ view plain ]
MARC details
000 -LEADER
fixed length control field 00530nam a22001937a 4500
003 - CONTROL NUMBER IDENTIFIER
control field SISC
005 - DATE AND TIME OF LATEST TRANSACTION
control field 20160215144553.0
008 - FIXED-LENGTH DATA ELEMENTS--GENERAL INFORMATION
fixed length control field 130902t xxu||||| |||| 00| 0 eng d
020 ## - INTERNATIONAL STANDARD BOOK NUMBER
International Standard Book Number 9710838008
050 ## - LIBRARY OF CONGRESS CALL NUMBER
Classification number RA 425
Item number .Ot91 1967
082 ## - DEWEY DECIMAL CLASSIFICATION NUMBER
Classification number HS 613.07
Item number Ot8 1985
100 ## - MAIN ENTRY--PERSONAL NAME
Personal name Otto, James.
9 (RLIN) 16153
245 ## - TITLE STATEMENT
Title Modern health /
Statement of responsibility, etc James Otto.
260 ## - PUBLICATION, DISTRIBUTION, ETC. (IMPRINT)
Place of publication, distribution, etc New York : .
Name of publisher, distributor, etc Holt, Rinehart and Winston,
Date of publication, distribution, etc c1967.
300 ## - PHYSICAL DESCRIPTION
Extent 614 p. :
Other physical details ill. ;
Dimensions 26 cm.
650 ## - SUBJECT ADDED ENTRY--TOPICAL TERM
Topical term or geographic name as entry element Health education.
9 (RLIN) 556
942 ## - ADDED ENTRY ELEMENTS (KOHA)
Source of classification or shelving scheme Library of Congress Classification
Koha item type Books
Holdings
Withdrawn status Lost status Source of classification or shelving scheme Damaged status Home library Current library Shelving location Date acquired Total Checkouts Full call number Barcode Date last seen Copy number Price effective from Koha item type
    Library of Congress Classification   Luxembourg Library Luxembourg Library High School Section 09/02/2013   RA 425 .Ot91 1967 4622 02/16/2016 1 09/02/2013 Books

Modern health /

APA

Otto J., . (1967). Modern health. New York: Holt, Rinehart and Winston.

Chicago

Otto James, . 1967. Modern health. New York: Holt, Rinehart and Winston.

Harvard

Otto J., . (1967). Modern health. New York: Holt, Rinehart and Winston.

MLA

Otto James, . Modern health. New York: Holt, Rinehart and Winston. 1967.

  • Place hold
  • Print
  • Cite
  • Add to your cart (remove)
  • Save record
    BIBTEX Dublin Core MARCXML MARC (non-Unicode/MARC-8) MARC (Unicode/UTF-8) MARC (Unicode/UTF-8, Standard) MODS (XML) RIS
  • More searches
    Search for this title in:
    Other Libraries (WorldCat) Other Databases (Google Scholar) Online Stores (Bookfinder.com) Open Library (openlibrary.org)

Exporting to Dublin Core...

SOUTHVILLE LIBRARY

Southville International School and Colleges Library

1281 Tropical Ave. Cor. Luxembourg St., BF Homes International, Las Pinas City

Tel. No. 8256374 / 252358 Loc. 117/146

Powered by Koha